[Event "Olympiad-39"]
[Site "Khanty-Mansiysk"]
[Date "2010.09.24"]
[Round "4.1"]
[White "Kramnik, Vladimir"]
[Black "Nakamura, Hikaru"]
[Result "1/2-1/2"]
[WhiteElo "2780"]
[BlackElo "2733"]
[Annotator "Krasenkow,M"]
[PlyCount "82"]
[EventDate "2010.09.21"]
[EventType "team-swiss"]
[EventRounds "11"]
[EventCountry "RUS"]
[SourceTitle "CBM 139"]
[Source "ChessBase"]
[SourceDate "2010.11.18"]
[SourceVersion "1"]
[SourceVersionDate "2010.11.18"]
[SourceQuality "1"]
[WhiteTeam "Russia"]
[BlackTeam "US of America"]
[WhiteTeamCountry "RUS"]
[BlackTeamCountry "USA"]

1. Nf3 Nf6 2. c4 g6 3. Nc3 Bg7 4. e4 d6 5. d4 O-O 6. Be2 e5 7. O-O Nc6 8. d5
Ne7 9. Nd2 Ne8 $6 10. b4 f5 11. c5 Nf6 12. a4 f4 13. Nc4 g5 {For this line -
see Werle - Vallejo in CBM 129.} 14. Ba3 g4 $6 {After this aggressive move
White wins a pawn but otherwise Black's attack can hardly succeed, e.g} (14...
Ng6 15. cxd6 cxd6 16. b5 Ne8 17. Rc1 $5 (17. Bb4 $143 Nh4 18. Ra3 g4 $1 19. g3
f3 20. Bd3 Rf6 21. Ne3 $13 (21. Re1 $2 Ng2 $17 {0-1 Zamorano,J (2254)-Roselli
Mailhe,B (2420)/Mar del Plata 2008/CBM 123 Extra (50)})) 17... Nh4 18. Bh5 $1
$16) 15. cxd6 cxd6 16. b5 Ne8 17. Bxg4 Qc7 18. Be2 f3 19. b6 $1 {The simplest
way.} (19. gxf3 Bh3 20. b6 $1 Qd8 $1 21. Kh1 Bxf1 22. Bxf1 a6 23. Bh3 Ng6 {
was less clear.}) 19... axb6 (19... fxe2 20. bxc7 $5 exd1=Q 21. Rfxd1 $16 {
[%csl Gc7,Rd6]}) 20. Nb5 {But now} (20. gxf3 {was possible, e.g.} Bh3 21. Nb5
Qd8 22. Kh1 Bxf1 23. Bxf1 Rf6 24. Bh3 Ng6 25. Be6+ Kh8 26. Ncxd6 Nxd6 27. Nxd6
Nf4 28. Qb3 $1 Bf8 29. Nf7+ Rxf7 30. Bxf7 Bxa3 31. Qxa3 Qf6 32. Be6 Nxe6 33.
dxe6 b5 34. a5 Qxe6 35. f4 $1 Qg4 36. Qg3 $1 $16 {Of course, calculating such
a line or going for it without a complete calculation is far from easy.}) 20...
fxe2 21. Qxe2 Qd8 22. Nbxd6 Nxd6 23. Bxd6 $16 {[%csl Gd6] White has chosen a
simple course. Black has no more attack (it seems!), White will now recapture
a third pawn for the piece, and his pawn avalanche should decide the game.} Rf7
24. Bxe5 Ng6 25. Bxg7 Nf4 $5 {All of a sudden, Black finds a way to continue
his attack!} 26. Qe3 Qg5 27. g3 Qxg7 28. Nxb6 Bg4 $6 (28... Nh3+ $5 29. Kg2
Nxf2 30. Nxa8 Bh3+ 31. Kg1 Bxf1 32. Rxf1 Nh3+ 33. Kg2 Qb2+ 34. Kxh3 Rxf1 35.
Qg5+ Qg7 (35... Kf8 36. Nc7) (35... Kf7 36. Qh5+ $1 Kg8 37. Nc7 Rf2 38. Qe8+
Kg7 39. Ne6+ Kh6 40. Nf4 Rxh2+ 41. Kg4 Qg7+ 42. Kf5 Qg5+ 43. Ke6 $18) 36. Kg4
Qxg5+ 37. Kxg5 $16 {_|_}) 29. Nxa8 Ne2+ 30. Kg2 Bf3+ 31. Qxf3 Rxf3 32. Kxf3
Nd4+ 33. Kg2 Qf8 34. Rfe1 $2 {[%mdl 64]} (34. Rae1 $142 $1 Qxa8 (34... Qf3+ 35.
Kg1 Ne2+ 36. Rxe2 Qxe2 37. Nb6 $18 {[%cal Yd5d6]}) 35. Rc1 Qxa4 36. Rc8+ Kf7
37. Rc7+ {keeping good winning chances.}) 34... Qxa8 $2 (34... Nc2 $1 {, and
Black threatens to win the whole rook! It is now White who must make sure he
gets a draw:} 35. Nc7 Qb4 $1 36. Reb1 Qxe4+ 37. Kg1 Nd4 (37... Ne3 38. fxe3
Qxe3+ $11) 38. Rxb7 {, and Black has nothing more than a perpetual:} Nf3+ 39.
Kf1 Nxh2+ 40. Kg1 $11) 35. Red1 $2 {But White misses another tactical trick!} (
35. Rac1 Qxa4 36. Rc8+ Kg7 37. Rec1 $16) 35... Nc2 $1 36. Rac1 (36. Ra2 Qe8 $1
{, and White can't protect the e4-pawn!}) 36... Qxa4 37. d6 {Again unable to
protect the e4-pawn, White forces a draw.} (37. Kf3 Nd4+ 38. Ke3 $6 Nb5 {
is too risky for White.}) 37... Qxe4+ 38. Kg1 Nd4 39. d7 Nf3+ 40. Kf1 Nxh2+ 41.
Kg1 Nf3+ 1/2-1/2

[Event "WchT 7th"]
[Site "Bursa"]
[Date "2010.01.12"]
[Round "8.1"]
[White "Aronian, Levon"]
[Black "Nakamura, Hikaru"]
[Result "1-0"]
[WhiteElo "2781"]
[BlackElo "2708"]
[Annotator "Ftacnik,L"]
[PlyCount "105"]
[EventDate "2010.01.05"]
[EventType "team-tourn"]
[EventRounds "9"]
[EventCountry "TUR"]
[SourceTitle "CBM 134"]
[Source "ChessBase"]
[SourceDate "2010.01.18"]
[SourceVersion "1"]
[SourceVersionDate "2010.01.18"]
[SourceQuality "1"]
[WhiteTeam "Armenia"]
[BlackTeam "US of America"]
[WhiteTeamCountry "ARM"]
[BlackTeamCountry "USA"]

1. d4 Nf6 2. Nf3 g6 3. c4 Bg7 4. Nc3 d6 5. e4 O-O 6. Be2 e5 7. O-O Nc6 8. d5
Ne7 9. Ne1 Nd7 {Nakamura is switching his attention to the move which used to
be main line in the past.} 10. Nd3 f5 11. Bd2 Nf6 12. f3 f4 13. c5 g5 14. cxd6
cxd6 15. Nf2 Ng6 16. Qc2 Rf7 17. Rfc1 Ne8 18. a4 h5 19. Ncd1 $146 {White has
no waterproof method of preventing the impending kingside attack by Black. His
superiority on the queenside should help him to tie down some of the enemy
pieces. Aronian's novelty is sensible, as the knight may help his king.} (19.
h3 Bf8 (19... Nh4 20. Qd1 Bf8 21. Be1 Rg7 22. Ra3 Be7 23. a5 Bd7 24. Nb5 Qb8
25. Rac3 Bd8 26. b4 a6 27. Na3 b5 28. Nb1 {1/2-1/2 Bischoff,K (2505)-Hansson,D
(2250)/Reykjavik 1993}) 20. Nb5 Bd7 21. Qd1 Rg7 22. Kf1 Nh4 23. Be1 Be7 24. Rc3
Qb8 25. a5 Bd8 26. Rb3 a6 27. Nc3 Nc7 {0-1 Gavrilov,A (2512)-Shomoev,A (2561)/
Krasnoyarsk 2007 (74)}) (19. a5 Bf8 (19... g4 20. fxg4 Nh4 21. Qd1 hxg4 22.
Nxg4 Nf6 23. Kh1 Nxg4 24. Bxg4 f3 25. gxf3 Bxg4 26. fxg4 Nf3 27. Be3 Qh4 28.
Rc2 Qxg4 29. Rg2 Qh3 30. Qf1 Qh7 31. Qd3 {1-0 Saric,A (2472)-Brener,I (2318)/
Steinbrunn 2005 (53)}) 20. Nb5 Rg7 21. Ra3 g4 22. fxg4 hxg4 23. Nxg4 Nh4 24.
Qd1 a6 25. Nc3 Nxg2 26. Kxg2 Bxg4 27. Bxg4 Nf6 28. h3 Nxg4 29. hxg4 Qh4 {
0-1 Saric,A (2514)-Vedmediuc,S (2414)/Budva 2009 (35)}) 19... Bf8 20. Ra3 a6
21. Qc3 Bd7 22. Qa5 b6 {The exchange of queens was certainly feasible, but
Nakamura would have to defend a slightly worse position without the most
dangerous piece.} (22... Qxa5 23. Bxa5 Nf6 24. Rc7 Bc8 25. Rac3 $14) (22... Qe7
23. Qb6 $16) 23. Qb4 Rg7 24. Rac3 {Attacking the b6-pawn right away was
certainly an option, but White's advantage would remain limited.} (24. Rb3 g4
25. fxg4 (25. Qxb6 gxf3 26. Qxd8 Rxd8 27. gxf3 Bxa4 $14) 25... Nh4 26. Qxb6
Qxb6 27. Rxb6 hxg4 28. Rc3 (28. Rxa6 Rxa6 29. Bxa6 g3 30. hxg3 Rxg3 $11) 28...
Nf6 (28... f3 29. Rxa6 Rc8 30. Bd3 g3 31. hxg3 Rxg3 32. Rxc8 Bxc8 33. Ra8 Bd7
34. Nc3 $16) 29. g3 (29. Rxa6 Rxa6 30. Bxa6 g3 $15) 29... Nf3+ 30. Bxf3 gxf3
31. Rxf3 Bxa4 $14) 24... Nh4 25. h3 Be7 26. Be1 Qb8 (26... g4 $5 {Black is
losing heart and switches his attention to the passive defence. It would have
been more natural for Nakamura to try attacking strategy with 26...g4!?} 27.
fxg4 (27. hxg4 Nf6 28. Nd3 Nxg2 $1 29. Kxg2 hxg4 30. Kf1 Qe8 $13) 27... Nf6 28.
Rc7 b5 29. a5 Rg6 30. Qa3 Qf8 $13) 27. Kf1 Bd8 (27... b5 28. a5 Qa7 $14) 28.
Rb3 Bc7 29. Qa3 (29. Nc3 Qd8 30. Qc4 Kh7 31. Rc2 $16) 29... Qd8 30. Rbc3 Bb8 (
30... b5 31. Rxc7 Nxc7 32. Qxd6 Ne8 33. Qxe5 $16) 31. b4 Ra7 32. Rc6 $5 {
White can afford to invest some material in order to tie down his opponent's
pieces.} (32. Nb2 b5 33. Nfd3 g4 $132) 32... b5 (32... Bxc6 33. dxc6 Rgc7 34.
b5 axb5 35. Bxb5 Nf6 36. Nc3 $14) 33. axb5 axb5 34. Ra6 (34. Qb3 $5 Ra8 35. Nc3
$16) 34... Rb7 35. Rcc6 (35. Nc3 Kh8 36. Ra8 Nc7 37. Ra5 $16) 35... Bxc6 $2 {
The defender is losing heart and grabs the offered exchange. His position was
slowly deteriorating, but it was better to at least postpone the inevitable.} (
35... Nf6 36. Nd3 Bxc6 37. dxc6 Ra7 38. Bf2 Rxa6 39. Qxa6 $16) 36. dxc6 Ra7 37.
Nc3 d5 $6 (37... Rxa6 38. Qxa6 Ra7 39. Qxb5 Kg7 40. Nd3 $16) 38. Nxd5 Nf5 {
That should have had been the solution for the defender, the knight aims to
jump into the fray.} 39. exf5 (39. Bxb5 Nd4 40. Bc4 Kh7 41. b5 Rxa6 42. bxa6
Qc8 43. Qa4 Qxc6 44. Qxc6 Nxc6 45. Bb5 Rg6 46. Nd3 $16) 39... Qxd5 40. Ne4 (40.
Qa5 $5 Rgc7 (40... Bc7 41. Qxb5 Qxb5 42. Bxb5 Rxa6 43. Bxa6 Nd6 44. Bd3 $16)
41. Ne4 Rxa6 42. Qxa6 Qxc6 (42... Rxc6 43. Qa8 $18) 43. Qxc6 Rxc6 44. Bxb5 Rc8
45. Bxe8 Rxe8 46. Nf6+ Kf7 47. Nxe8 Kxe8 48. Ke2 $18) 40... Rgc7 41. Nxg5 {
Aronian has been diverted by the great tactical shot from the game. He should
not have ignored the best move 40.Qa5!? forcing he decision due to the attack
of b5-pawn.} (41. Qa5 $1 Rxa6 42. Qxa6 g4 43. Qxb5 Qxb5 44. Bxb5 $16) (41. Nc3
Rxa6 42. Qxa6 Qxc6 43. Qa2+ Rf7 44. Bxb5 Qc8 45. Bc4 Qxf5 46. Ne4 Nd6 47. Be6
Qg6 48. Bxf7+ Qxf7 49. Qa8 $16) 41... Ng7 $2 (41... Rxa6 42. Qxa6 Nd6 (42...
Qxc6 43. Qa2+ Kh8 44. Nf7+ Kh7 45. Nxe5 $16) 43. Qa1 (43. Ne6 Rc8 $1 $13 (43...
Rxc6 44. Qa8 $18)) 43... Rc8 44. f6 $16) 42. Rb6 $3 {[%mdl 64] There would
have not been this fabulous combination without the weaker 41.Nxg5 move.} Nxf5
(42... Rxa3 43. Rxb8+ Ne8 44. Rxe8+ Kg7 45. Ne6+ Kh7 (45... Kf7 46. Rf8+ Ke7
47. Bh4+ Kd6 48. Rd8+ $18) 46. Nxc7 Qxc6 47. Re7+ $18) 43. Rxb8+ Kg7 44. Qb2
Ra2 $6 {Nakamura is simply programmed for active play, this aggressive move
shoud be weaker than elimination of the c6-pawn.} (44... Rxc6 45. Rxb5 Ne3+ 46.
Kg1 Qd4 47. Qxd4 exd4 48. Rc5 $16) 45. Qb1 Rc2 46. Rxb5 Qd6 (46... Ne3+ 47. Kg1
Qxc6 48. Rc5 Rxc5 49. Qh7+ Kf8 50. Qh8+ Ke7 51. bxc5 $18) 47. Rb7 Kh6 48. Kg1
$1 Qxc6 (48... Rxe2 49. Qxf5 Rxe1+ 50. Kh2 Rxb7 51. cxb7 $18) 49. Nf7+ $1 {
The knight move in thus charged position can be truly insidious. Black can not
afford to let the steed reach the d8-square.} Rxf7 (49... Kh7 50. Nd8 $1 Qd7
51. Qxc2 $18) 50. Rxf7 Ne3 {The last real try was to give Aronian the chance
to go wrong after the desperate 50..Rxe2.} (50... Rxe2 51. Rxf5 (51. Qxf5 Qb6+
52. Kf1 (52. Kh2 $2 Qg6 $14) 52... Rxe1+ 53. Kxe1 Qe3+ 54. Kd1 Qb3+ 55. Kc1
Qc4+ 56. Qc2 Qxf7 57. b5 $18) 51... Qg6 52. Bf2 $18) 51. Ra7 $1 Qd5 52. Qa1
Nxg2 (52... Rxe2 53. Qa6+ Kg5 54. Rg7+ Kf5 55. Qg6#) 53. Qa6+ {An amazing
fight in which White was dominant all along.} (53. Qa6+ Rc6 54. Qb7 Qd4+ 55.
Bf2 $18) 1-0

[Event "EU-Cup 25th"]
[Site "Ohrid"]
[Date "2009.10.09"]
[Round "6.4"]
[White "Bu, Xiangzhi"]
[Black "Guseinov, Gadir"]
[Result "1-0"]
[WhiteElo "2702"]
[BlackElo "2667"]
[Annotator "Krasenkow,M"]
[PlyCount "83"]
[EventDate "2009.10.04"]
[EventType "team-swiss"]
[EventRounds "7"]
[EventCountry "MKD"]
[SourceTitle "CBM 133"]
[Source "ChessBase"]
[SourceDate "2009.11.19"]
[SourceVersion "1"]
[SourceVersionDate "2009.11.19"]
[SourceQuality "1"]
[WhiteTeam "Saratov Economist"]
[BlackTeam "Skopje Alkaloid"]
[WhiteTeamCountry "RUS"]
[BlackTeamCountry "MKD"]

1. d4 Nf6 2. c4 g6 3. Nc3 Bg7 4. e4 d6 5. Nf3 O-O 6. Be2 Bg4 7. O-O Nfd7 8. Be3
c5 9. d5 Na6 10. h3 Bxf3 11. Bxf3 Nc7 12. Be2 {This quiet line leads to a
small advantage for White, due to his greater space on the board.} a6 (12... e5
13. a3 {[%cal Yb2b4]}) (12... e6) (12... Rb8) 13. a4 (13. Qd2 e6 14. dxe6 Nxe6
15. Qxd6 Nd4 16. Bg4 f5 17. exf5 gxf5 18. Bd1 $14 {1-0 Jakovenko,D (2711)
-Fontaine,R (2563)/Evry 2008/CBM 124 Extra (64)}) 13... Re8 (13... Qb8 $6 14.
Qd2 (14. f4 $5 e6 15. e5 dxe5 16. dxe6 Nxe6 17. Qxd7 exf4 18. Bf2 Rd8 19. Qe7
Re8 20. Qh4 Nd4 21. Bd3 $16 {1-0 Diez del Corral,J-Szabo,L/Palma de Mallorca
1969/MCD (43)}) 14... e5 (14... e6 15. a5 exd5 16. exd5 b5 17. axb6 Qxb6 18.
Rfb1 a5 19. Ra3 Rfb8 20. Qc2 Na6 21. Qa4 Qd8 22. Nb5 Nb4 23. Qd1 Ra6 24. Qd2
$14 {1/2 Gulko,B (2610)-Benjamin,J (2545)/San Mateo 1989/EXT 1997 (37)}) 15. g4
$5 (15. dxe6 Nxe6 16. f4 Nd4 17. Rae1 Qd8 18. Bd3 Qa5 $132 {1/2 Gulko,B (2552)
-Lopez Martinez,J (2547)/Barcelona 2008/CBM 127 (36)}) 15... Qd8 16. Kg2 Ne8
17. h4 Qe7 18. h5 $16 {1-0 Cudina,I-Westerinen,H/Sombor 1970/EXT 1999 (81)}) (
13... e6 14. Qd2 (14. dxe6 $5 Nxe6 15. Qxd6 {was good here, too}) 14... exd5
15. exd5 (15. cxd5 Re8 16. Rab1 Nf6 17. b4 c4 18. Bxc4 Nxe4 19. Nxe4 Rxe4 20.
Qc2 Re8 21. Bb6 Rc8 22. Rfe1 Qd7 23. Qb3 $14 {1-0 Lautier,J (2290)-Reeh,O 
(2425)/Hameln 1987/EXT 1997 (56)}) 15... Re8 16. g3 f5 17. Kg2 Rb8 18. Ra3 a5
19. Re1 Qf6 20. Bf1 Ne5 21. Nd1 Na6 22. Bg5 Qf8 23. Bf4 Nb4 24. Rae3 h6 25. h4
$14 {1-0 Gareev,T (2590)-Altounian,L (2454)/Mesa 2009/CBM 130 Extra (38)}) (
13... Rb8 14. Qd2 (14. Re1 $5 Nb6 $6 15. f4 e6 16. a5 Nc8 17. e5 exd5 18. Nxd5
Ne6 19. Bg4 $36 {1-0 Byrne,R-Kaufmann,A/Illinois 1965/EXT 1999 (34)}) 14... Re8
(14... b6 15. Rad1 Qe8 16. f4 $14 {1-0 Ibrahimov,R (2543)-Ruiz Escobar,R (1958)
/Pamplona ESP 2009/The Week in Chess 770 (24)}) 15. Bg5 (15. f4 $5 e6 16. e5)
15... Bd4 16. Kh1 Nf6 17. Bd3 Nd7 18. Rae1 f6 19. Bh4 {1/2 Lalev,D (2435)-Peev,
P (2375)/Primorsko 1987/EXT 1997 (40)}) 14. Qd2 (14. a5 Rb8 15. Qd2 e6 16. Rab1
exd5 17. exd5 b6 18. axb6 Rxb6 19. b3 f5 20. Rfe1 Qh4 21. Na4 Rbb8 22. Bg5 Qe4
23. Bd3 Qd4 24. Be3 Qh4 25. Bg5 Qd4 26. Be3 Qh4 27. Bg5 Qd4 28. Rxe8+ {1/2
Steingrimsson,H (2551)-Guseinov,G (2625)/Plovdiv 2008/CBM 124}) (14. f4 e6 15.
Bf2 exd5 16. exd5 f5 17. Bd3 Nf6 18. a5 Rb8 19. Qc2 Nh5 20. Qd2 b5 21. axb6
Rxb6 22. Rfe1 Qb8 23. Rxe8+ Nxe8 24. Ra2 Nc7 25. Be2 Bxc3 26. bxc3 Nf6 27. Bd3
$14 {1-0 Nikolov,M (2506)-Spasov,V (2598)/Sunny Beach 2009/CBM 130 Extra (37)})
14... e6 (14... Nf8 15. Rad1 Qb8 16. f4 b6 17. e5 dxe5 18. fxe5 Bxe5 19. a5 Nd7
20. Na4 bxa5 21. Qxa5 Qb3 22. Rf3 Qb4 23. Qxb4 cxb4 24. Bf2 Kg7 25. c5 $16 {
1/2 Schmid,L (2550)-Poutiainen,P/Nice 1974/EXT 2000 (43)}) 15. Rae1 $5 $146 {
[%mdl 8]} (15. Rab1 exd5 16. exd5 a5 {Even if the threat of b2-b4 does not
look very dangerous, Black wants to close down the queenside. The result is
that he gets a passive position without any counterplay. Selbst wenn die
Drohung b2-b4 nicht gerade sehr gefährlich aussieht, will Schwarz den
Damenflügel schließen. Als Folge bekommt er eine passive Stellung ohne
Gegenspiel.} (16... Qh4 $6 17. Bg4 $1 Rxe3 $6 18. Qxe3 Bd4 19. Qd2 f5 20. Be2
Ne5 21. b4 Ne8 22. a5 Nf6 23. bxc5 Bxc5 24. Rxb7 $18 {Kharitonov,A -Mamedyarov,
S /Chalkidiki 2003}) 17. Rfe1 f5 18. Bf1 Ne5 19. f4 Nd7 $5 (19... Nf7 20. Bf2
Qd7 21. Nb5 {A straightforward attempt to expl;oit the weakness of the
e6-square. With hindsight, I prefer 21.Qc2. Ein geradliniger Versuch, die
Schwäche des Feldes e6 auszunutzen. Im Nachhinein gefällt mir 21.Qc2 besser.} (
21. Qc2 $5 {R.Dautov}) 21... Nxb5 22. cxb5 b6 23. Bc4 {White has a long-term
advantage and can undertake various attempts to win. But with careful defence,
the black position should be able to be held. Weiß hat einen langfristigen
Vorteil und kann verschiedene Gewinnversuche unternehmen. Die schwarze
Stellung sollte sich aber bei vorsichtiger Verteidigung halten lassen.} Rxe1+
24. Rxe1 Re8 25. b3 Rxe1+ 26. Qxe1 Bf6 27. Qe6 Qd8 28. g4 {I thought for far
too long about this natural move and as a result fell into time trouble. White
has hardly anything better he can do. An diesem natürlichen Zug habe ich viel
zu lange überlegt kam daraufhin in Zeitnot. Dabei hat Weiß kaum etwas Besseres.
} fxg4 29. hxg4 Bh4 {Another route to the draw was 29...Bd4!? Ein anderer Weg
zum Remis war 29...Bd4!?} 30. Be3 Qf6 31. Qxf6 Bxf6 $11 {1/2 Dautov,R (2595)
-Guseinov,G (2585)/Gothenburg 2005/CBM 109/[Dautov] (36)}) 20. Bf2 Nf6 21.
Rxe8+ (21. Qc2 $5) 21... Qxe8 22. Re1 Qd7 23. Bd3 Re8 24. Rxe8+ Qxe8 25. Qe1
Nh5 26. Qxe8+ Nxe8 27. g3 Bxc3 28. bxc3 Nef6 $11 {1/2 Ibrahimov,R (2532)
-Guseinov,G (2615)/Baku 2006/CBM 112 ext (37)}) (15. dxe6 Nxe6 16. Qxd6 Nd4 $44
{[%cal Ge8e4] R.Dautov}) 15... exd5 16. exd5 a5 {Black tries the same plan as
after 15.Rab1; however, White has an extra tempo now.} 17. Kh1 $5 (17. g4 $5)
17... f5 {[%mdl 16]} 18. g4 $5 Ne5 (18... fxg4 19. hxg4 Ne5 20. Kg2) 19. Bg5 $5
(19. gxf5 $2 Qh4 {[%cal Re5c4,Rh4h3]}) (19. Kg2 $5 Qd7 20. gxf5 Qxf5 21. f4 Nf7
22. Bg4 Qf6 23. f5 $36) 19... Bf6 20. f4 $5 {[%mdl 32] A very unusual decision;
White gives up the e5-square but opens up the f-file.} Bxg5 (20... Nf7 21. gxf5
Nxg5 22. fxg5 Bxg5 23. Qc2 {[%cal Rc3e4]} Bh4 (23... Re3 24. Bg4) 24. Rd1 Re3
25. Rd3 $1 Qg5 26. Rxe3 Qxe3 27. Rf3 Qh6 28. Ne4 $16) 21. fxg5 Qd7 (21... fxg4
22. Ne4 $1 gxh3 23. Nf6+ Kg7 24. Nxe8+ Qxe8 25. Bg4 $16 {[%csl Rc7] Black does
not have sufficient compensation for the exchange. His e5-knight is quite
strong (although vulnerable as White can sacrifice an exchange or attack the
d6-pawn) but his c7-knight is awful.}) {After the text move, however, Black
gets a very weak f5-pawn.} 22. gxf5 gxf5 23. Rf2 Re7 24. Ref1 Rf8 25. Qc2 Ref7
(25... f4 26. Kh2 Qf5 (26... Ref7 27. Bh5 Rf5 28. Ne4) 27. Qxf5 Rxf5 28. Rxf4
Rxg5 29. h4 $1 (29. Ne4 Ng6 $1) 29... Rg6 30. Bh5 Rh6 31. Ne4 $1 $18) 26. Bh5
Ng6 27. Ne2 {[%cal Re2f4]} Qe7 (27... Re7 $142 $5 {giving up the pawn but
activating his rook:} 28. Rxf5 (28. Ng3 $5 Re3 29. Rf3 $16) 28... Rxf5 29. Qxf5
Qxf5 30. Rxf5 Re3 31. Kh2 Rb3 32. Nf4 Rxb2+ 33. Kg3 $16) 28. Rxf5 Rxf5 29. Rxf5
Nh4 $5 30. Rxf8+ Qxf8 31. Qe4 (31. Qb1 $5 Qf2 $140 32. Qg1 $1) 31... Qf2 32.
Qg4 Nf5 (32... Qf1+ 33. Ng1 Nf5 34. Qf3) 33. Qg1 $1 Qxg1+ (33... Qh4 34. Bg4
$18) 34. Kxg1 $18 {White easily brings home his advantage as the black knights
have no good squares.} Ne3 35. b3 Nc2 36. Ng3 {[%csl Rd6][%cal Rg3e4,Rg3f5]}
Kf8 37. Nf5 Nd4 38. Nxd6 b6 39. Nc8 Nxb3 40. Nxb6 Ke7 41. Nc8+ Kd8 42. Nd6 1-0